| 000 | 00000nam##2200000za#4500 |
| 001 | 9.644084 |
| 003 | CaOODSP |
| 005 | 20210624224459 |
| 007 | cr ||||||||||| |
| 008 | 150407|2015||||xxc|||||o f|0| 0 fre|d |
| 020 | |a978-0-660-23088-7 |
| 040 | |aCaOODSP|bfre |
| 043 | |an-cn--- |
| 086 | 1 |aFo149-9/1-2014F-PDF |
| 110 | 1 |aCanada.|bRessources naturelles Canada. |bService canadien des forêts. |
| 245 | 10|aÉvaluation des effets : |h[ressource électronique]|bsélection génomique / |cCentre canadien sur la fibre de bois. |
| 260 | |aOttawa - Ontario : |bRessources naturelles Canada. |cJanvier 2015. |
| 300 | |a4p.|bphotographies |
| 590 | |a15-12|b2015-03-20 |
| 775 | 08|tImpact assessment : |w(CaOODSP)9.700174 |
| 856 | 40|ahttp://publications.gc.ca|qPDF|s520 Ko|uhttps://publications.gc.ca/collections/collection_2015/rncan-nrcan/Fo149-9-1-2014-fra.pdf |